000 00334nam a22001337a 4500
008 230619b xxu||||| |||| 00| 0 eng d
020 _a089490180X
082 _a283.3
_bBEN
100 _cJudith Bentley
245 _aArchbishop Tutu of South Africa
260 _aSouth Africa
_bJudith Bentley
_c1988
300 _a96p
942 _2ddc
_cBK
999 _c1357
_d1357